000 00637nam a22002177a 4500
005 20170124110200.0
010 _aB-228221
020 _c595.00
_a817622301
035 _aB-228221
037 _bCen Lib/Ret
040 _aDPL
_bEN
082 _a070.449355
_bANI
100 _aAnil Kumar Singh
_95594
245 _aMilitary and media /
_cby Anil Kumar Singh
260 _aNew Delhi
_bLancer publishers
_c2006
270 _bNew Delhi
_aK-36A (FF) Green park
_e110016
300 _a261p.
_c20cm(Hb)
650 _aJournalism
_935957
650 _aReporters and reporting
_931175
942 _2ddc
_cEN
_h070.449355
_mANI
999 _c132851
_d132851